000 00485nam a22001817a 4500
003 KOHA_MİRAKIL
005 20260406102643.0
008 260406b tu ||||| |||| 00| 0 tur d
040 _aTR-AnABB
_btur
_cTR-AnABB
041 _atur
082 _a323.352
_bTUN 2009
100 1 _aTunç, Güven
245 1 0 _aBenim haklarım /
_cGüven Tunç
260 _aAnkara :
_b[yayl. y.] ,
_c2009
300 _a30 sayfa ;
_c14 cm
650 0 4 _aÇocuk hakları
942 _2ddc
_cBK
999 _c10157
_d10157
900 _bCan ÇELIK